[Event "Sparkassen-Open A"]
[Site "Heusenstamm, Martinsee"]
[Date "2015.11.28"]
[Round "4.7"]
[White "Solonar, Stefan"]
[Black "van Foreest, Lucas"]
[Result "1/2-1/2"]
[WhiteElo "2341"]
[BlackElo "2299"]
[PlyCount "83"]
[EventDate "2015.??.??"]
[WhiteTeam "SC Heusenstamm"]
[BlackTeam "SK Turm Emsdetten"]

1. c4 Nf6 2. Nc3 b6 3. e4 e5 4. Nf3 Nc6 5. Be2 Bb7 6. O-O Bc5 7. Nxe5 Nxe5 8.
d4 Bd6 9. f4 Nc6 10. e5 Be7 11. exf6 Bxf6 12. Be3 Ne7 13. d5 O-O 14. Bd3 Re8
15. Qd2 d6 16. Rae1 c6 17. dxc6 Bxc6 18. Bf2 d5 19. cxd5 Bxc3 20. Qxc3 Qxd5 21.
Be4 Qd7 22. Bxc6 Nxc6 23. Rd1 Qb7 24. Rd6 Rac8 25. Rfd1 h6 26. Rd7 Rc7 27. Rxc7
Qxc7 28. f5 Rd8 29. Rc1 Qd7 30. Kf1 Ne7 31. g4 Qd5 32. f6 Qh1+ 33. Bg1 Nd5 34.
Qd4 Rd6 35. Rc8+ Kh7 36. fxg7 Qf3+ 37. Bf2 Ne3+ 38. Ke1 Nc2+ 39. Kf1 Qh1+ 40.
Bg1 Qf3+ 41. Bf2 Ne3+ 42. Ke1 1/2-1/2

[Event "Sparkassen-Open A"]
[Site "Heusenstamm, Martinsee"]
[Date "2015.11.28"]
[Round "4.8"]
[White "Feller, Sebastien"]
[Black "Poghosyan, Tigran"]
[Result "1-0"]
[WhiteElo "2622"]
[BlackElo "2120"]
[PlyCount "89"]
[EventDate "2015.??.??"]
[WhiteTeam "Thionville"]
[BlackTeam "Lübecker SV"]

1. d4 Nf6 2. Bf4 d5 3. e3 g6 4. Nc3 Bg7 5. Nb5 Na6 6. Nf3 c6 7. Nc3 Nc7 8. h3
O-O 9. Bd3 Ne6 10. Be5 c5 11. O-O b6 12. Nb1 Bb7 13. c3 Qd7 14. a4 a6 15. Bh2
Ne4 16. Nbd2 N6g5 17. Nxg5 Nxg5 18. b4 c4 19. Bc2 b5 20. Qg4 Ne6 21. a5 f5 22.
Qg3 Nd8 23. Qc7 Qxc7 24. Bxc7 Ne6 25. Bh2 Ng5 26. f3 Nf7 27. g4 fxg4 28. hxg4
e5 29. Rae1 Rae8 30. Kg2 Ba8 31. Bg3 Bh6 32. f4 e4 33. f5 Ng5 34. Rh1 Bg7 35.
Bf4 Nf7 36. fxg6 hxg6 37. Nf1 g5 38. Bc7 Nh6 39. Bd1 Rf7 40. Bg3 Ref8 41. Rh5
Kh7 42. Rxg5 Bf6 43. Rh5 Rg8 44. Bf4 Rg6 45. Ng3 1-0

[Event "Sparkassen-Open A"]
[Site "Heusenstamm, Martinsee"]
[Date "2015.11.28"]
[Round "4.9"]
[White "Thinius, Marco"]
[Black "Rutsatz, Mario"]
[Result "1-0"]
[WhiteElo "2328"]
[BlackElo "1988"]
[PlyCount "53"]
[EventDate "2015.??.??"]
[WhiteTeam "SV Empor Berlin"]
[BlackTeam "SF Frankfurt"]

1. Nf3 Nf6 2. c4 g6 3. Nc3 d5 4. cxd5 Nxd5 5. Qb3 Nxc3 6. Qxc3 f6 7. d4 Bg7 8.
e4 O-O 9. h4 Bg4 10. Qb3+ Kh8 11. Qxb7 Nd7 12. Be2 c5 13. Be3 Rb8 14. Qd5 Rxb2
15. dxc5 Ne5 16. Rd1 Qc8 17. Rd2 Be6 18. Qd4 Nxf3+ 19. gxf3 f5 20. Qd3 Rxa2 21.
Rxa2 Bxa2 22. h5 Rd8 23. Qa3 Bf7 24. Qxa7 Qe6 25. hxg6 Bxg6 26. Qb6 Qe5 27.
Qxd8+ 1-0

[Event "Sparkassen-Open A"]
[Site "Heusenstamm, Martinsee"]
[Date "2015.11.28"]
[Round "4.10"]
[White "Henrich, David"]
[Black "Meyner, Hannes"]
[Result "0-1"]
[WhiteElo "2140"]
[BlackElo "2202"]
[PlyCount "148"]
[EventDate "2015.??.??"]
[WhiteTeam "SK Niederbrechen"]
[BlackTeam "Kasseler SK"]

1. c4 Nf6 2. g3 c6 3. Bg2 d5 4. Nf3 dxc4 5. O-O Nbd7 6. Na3 Nb6 7. Qc2 Be6 8.
Ng5 Bg4 9. f3 Bh5 10. Nxc4 Qd4+ 11. Ne3 h6 12. Nh3 Bg6 13. Qc3 Rd8 14. Qxd4
Rxd4 15. d3 e6 16. Nf2 Be7 17. Nc2 Rd8 18. Bd2 O-O 19. b3 Ra8 20. e4 Rfd8 21.
Bc3 Nfd7 22. Rfd1 a5 23. a4 e5 24. f4 f6 25. d4 Bf7 26. Rab1 exd4 27. Nxd4 Nc5
28. Bh3 Bf8 29. Re1 Re8 30. Re2 Bh5 31. Ree1 Bf7 32. Re2 Bg6 33. Rbe1 Bh5 34.
Re3 Bf7 35. Ba1 Na6 36. Nc2 Nb4 37. Nxb4 Bxb4 38. Rd1 Rad8 39. Red3 Rxd3 40.
Rxd3 Bg6 41. f5 Bf7 42. Bf1 Kf8 43. Bc3 Bxc3 44. Rxc3 Rd8 45. Nd3 Nd7 46. Be2
Ke7 47. Kf2 Kd6 48. Ke3 Ra8 49. Bd1 b5 50. Kd4 Rb8 51. axb5 cxb5 52. Rc1 Ra8
53. Ra1 Ra7 54. g4 Ne5 55. Nb2 Nc6+ 56. Ke3 Nb4 57. Rc1 Rc7 58. Rxc7 Kxc7 59.
Kd4 Kd6 60. Nd3 Nxd3 61. Kxd3 Ke5 62. Ke3 Be8 63. Bc2 Bc6 64. Bb1 a4 65. bxa4
bxa4 66. Bc2 a3 67. Bb1 Ba4 68. Ba2 Bc2 69. h4 Bxe4 70. h5 Bd5 71. Bb1 a2 72.
Bxa2 Bxa2 73. Kf3 Bd5+ 74. Kg3 Bc6 0-1

[Event "Sparkassen-Open A"]
[Site "Heusenstamm, Martinsee"]
[Date "2015.11.28"]
[Round "4.11"]
[White "Köllner, Christof"]
[Black "Budzyn, Matthias"]
[Result "1/2-1/2"]
[WhiteElo "2118"]
[BlackElo "2164"]
[PlyCount "34"]
[EventDate "2015.??.??"]
[WhiteTeam "SV Bergneustadt/Derschlag"]
[BlackTeam "SG Turm Kiel"]

1. d4 Nf6 2. Nf3 g6 3. Nbd2 d5 4. e3 Bg7 5. b4 O-O 6. Bb2 Nbd7 7. c4 c6 8. a4
e5 9. dxe5 Ng4 10. cxd5 cxd5 11. Qb3 Ndxe5 12. h3 Nxf3+ 13. Nxf3 Nf6 14. Be2
Be6 15. Bd4 Ne4 16. Qb2 Bxd4 17. Qxd4 Qf6 1/2-1/2

[Event "Sparkassen-Open A"]
[Site "Heusenstamm, Martinsee"]
[Date "2015.11.28"]
[Round "4.12"]
[White "Mehringer, Jörg"]
[Black "van Foreest, Jorden"]
[Result "0-1"]
[WhiteElo "1976"]
[BlackElo "2546"]
[PlyCount "54"]
[EventDate "2015.??.??"]
[WhiteTeam "Schachpinguine Berlin"]
[BlackTeam "SK Turm Emsdetten"]

1. e4 c6 2. d4 d5 3. e5 Bf5 4. h4 Qc7 5. g4 Bd7 6. f4 e6 7. Bd3 c5 8. c3 Nc6 9.
Ne2 Qb6 10. Bc2 Nh6 11. Rg1 Be7 12. g5 Nf5 13. Bxf5 exf5 14. b3 h6 15. Be3 hxg5
16. hxg5 O-O-O 17. a4 Rh3 18. Bf2 cxd4 19. Nxd4 Bc5 20. a5 Qa6 21. Nxc6 Bxf2+
22. Kxf2 Bxc6 23. Rg3 Rh2+ 24. Ke3 Bb5 25. Na3 d4+ 26. cxd4 Re2+ 27. Kf3 Qc6+
0-1

[Event "Sparkassen-Open A"]
[Site "Heusenstamm, Martinsee"]
[Date "2015.11.28"]
[Round "4.13"]
[White "Klundt, Klaus"]
[Black "Eichner, Christian"]
[Result "0-1"]
[WhiteElo "2320"]
[BlackElo "2051"]
[PlyCount "80"]
[EventDate "2015.??.??"]
[WhiteTeam "SC Heusenstamm"]
[BlackTeam "SV TuR Dresden"]

1. e4 e5 2. Nf3 Nc6 3. Bb5 a6 4. Ba4 Nf6 5. O-O Be7 6. Re1 b5 7. Bb3 O-O 8. d4
d6 9. c3 Bg4 10. d5 Na5 11. Bc2 c6 12. h3 Bc8 13. dxc6 Qc7 14. Nbd2 Qxc6 15.
Nf1 Be6 16. Ng5 Bd7 17. Ne3 h6 18. Nf3 Rfe8 19. a4 Bf8 20. Nf5 Nc4 21. g4 Rad8
22. axb5 axb5 23. Nd2 Bxf5 24. exf5 d5 25. Nxc4 dxc4 26. Qe2 Nd5 27. Be4 Qb6
28. Rd1 Nf4 29. Bxf4 exf4 30. Rxd8 Qxd8 31. Qc2 Qh4 32. Kg2 h5 33. Bf3 Bc5 34.
Qd2 Rd8 35. Qe2 Kh7 36. Ra5 hxg4 37. Bxg4 Rd3 38. Bf3 Be3 39. fxe3 Qg3+ 40. Kh1
Rxe3 0-1

[Event "Sparkassen-Open A"]
[Site "Heusenstamm, Martinsee"]
[Date "2015.11.28"]
[Round "4.14"]
[White "Keller, Peter"]
[Black "Konik, Michael"]
[Result "1-0"]
[WhiteElo "2304"]
[BlackElo "2049"]
[PlyCount "51"]
[EventDate "2015.??.??"]
[WhiteTeam "Frankfurter TV"]
[BlackTeam "SK Mainaschaff"]

1. e4 d5 2. exd5 Nf6 3. d4 Bg4 4. Bb5+ Nbd7 5. Be2 Bxe2 6. Qxe2 Nxd5 7. c4 N5f6
8. Nf3 g6 9. O-O Bg7 10. Re1 O-O 11. Qxe7 Re8 12. Qxd8 Raxd8 13. Rxe8+ Rxe8 14.
Nc3 Ne4 15. Nxe4 Rxe4 16. Be3 c5 17. Nd2 Re8 18. dxc5 a5 19. Rb1 Ne5 20. b4 a4
21. b5 Nd3 22. c6 bxc6 23. bxc6 Bb2 24. c7 a3 25. Ne4 Be5 26. Nf6+ 1-0

[Event "Sparkassen-Open A"]
[Site "Heusenstamm, Martinsee"]
[Date "2015.11.28"]
[Round "4.15"]
[White "Schmitzer, Klaus"]
[Black "Trumpp, Lothar"]
[Result "1-0"]
[WhiteElo "2285"]
[BlackElo "2049"]
[PlyCount "69"]
[EventDate "2015.??.??"]
[WhiteTeam "Bad Vilbeler Sfr"]
[BlackTeam "VSG Offenbach"]

1. e4 e5 2. Nf3 Nc6 3. d4 exd4 4. Nxd4 Bc5 5. Be3 Qf6 6. c3 Nge7 7. Bc4 Nxd4 8.
cxd4 Bb4+ 9. Nc3 O-O 10. O-O Bxc3 11. bxc3 d6 12. Qd2 h6 13. Rab1 b6 14. Rfe1
Bb7 15. Bf4 Ng6 16. Bg3 Rad8 17. Bb5 Bc8 18. f4 Qe7 19. f5 Nh8 20. Bc4 Kh7 21.
Qf4 f6 22. Qg4 Bd7 23. h4 Rde8 24. Qh5 Rb8 25. Rb2 Be8 26. Qd1 Bf7 27. Bd3 Qe8
28. Bf4 g5 29. fxg6+ Bxg6 30. Rf2 h5 31. Bc1 Qf7 32. Ref1 Qg7 33. Rf3 Qe7 34.
Qd2 Rf7 35. Rg3 1-0

[Event "Sparkassen-Open A"]
[Site "Heusenstamm, Martinsee"]
[Date "2015.11.28"]
[Round "4.16"]
[White "Euler, Stephan"]
[Black "Promyshlyanskyy, Vitaliy"]
[Result "1-0"]
[WhiteElo "2046"]
[BlackElo "2245"]
[PlyCount "107"]
[EventDate "2015.??.??"]
[WhiteTeam "SC Ladja Roßdorf"]
[BlackTeam "SC Noris-Tarrasch Nürnberg"]

1. e4 Nc6 2. Nf3 d6 3. d4 Nf6 4. Nc3 g6 5. Be3 Bg7 6. Qd2 O-O 7. Bh6 e5 8. Bxg7
Kxg7 9. O-O-O Bg4 10. dxe5 dxe5 11. Qg5 Qe7 12. Be2 a6 13. Rhe1 h6 14. Qe3 Bxf3
15. Bxf3 Nd4 16. Nd5 Qc5 17. c3 Ne8 18. Kb1 Ne6 19. Bg4 Qxe3 20. Nxe3 Nc5 21.
f3 Nf6 22. b4 Na4 23. Kc2 a5 24. Kb3 Nb6 25. Bh3 Ra7 26. b5 a4+ 27. Ka3 Ne8 28.
g3 Nd6 29. Bf1 Nd7 30. c4 Nc5 31. Kb4 b6 32. Nd5 Re8 33. Nxc7 Rd8 34. Nd5 Rb7
35. Nxb6 Ne6 36. c5 Nd4 37. Be2 Nc2+ 38. Kc3 Nxe1 39. Rxe1 Rc7 40. Kb4 Nb7 41.
Nxa4 Rd4+ 42. Bc4 Rc8 43. Rc1 Ra8 44. Rc2 f5 45. Nb6 Re8 46. Re2 Rd1 47. c6 Nd6
48. Kc5 Kf6 49. Nd5+ Ke6 50. Nc7+ Ke7 51. Nxe8 Kxe8 52. exf5 gxf5 53. Rxe5+ Kf8
54. Rd5 1-0

[Event "Sparkassen-Open A"]
[Site "Heusenstamm, Martinsee"]
[Date "2015.11.28"]
[Round "4.17"]
[White "Mager, Denis"]
[Black "Berberich, Christoph"]
[Result "1-0"]
[WhiteElo "2232"]
[BlackElo "2037"]
[PlyCount "55"]
[EventDate "2015.??.??"]
[WhiteTeam "TuS Makkabi"]
[BlackTeam "SK Freiburg-Zähringen 1887"]

1. c4 Nf6 2. d4 c5 3. Nf3 cxd4 4. Nxd4 e5 5. Nb5 d5 6. cxd5 Qa5+ 7. N5c3 b5 8.
Nd2 b4 9. Nce4 Nxe4 10. Nxe4 Bb7 11. Nd2 Qxd5 12. e4 Qd7 13. Be2 Be7 14. O-O
O-O 15. Nc4 Bxe4 16. Nxe5 Qf5 17. f4 Rd8 18. Qe1 Bc5+ 19. Kh1 Qh3 20. Bf3 Bxf3
21. Rxf3 Qf5 22. Be3 Bxe3 23. Rxe3 Qxf4 24. Qe2 Na6 25. Re1 Qd4 26. Nc6 Qd6 27.
Qxa6 Rac8 28. Ne7+ 1-0

[Event "Sparkassen-Open A"]
[Site "Heusenstamm, Martinsee"]
[Date "2015.11.28"]
[Round "4.18"]
[White "Calvi, Stefan"]
[Black "Künstler, Christian"]
[Result "1/2-1/2"]
[WhiteElo "2013"]
[BlackElo "2223"]
[PlyCount "176"]
[EventDate "2015.??.??"]
[WhiteTeam "SF Frankfurt"]
[BlackTeam "SF Neuberg"]

1. e4 c5 2. c3 Nf6 3. e5 Nd5 4. g3 d6 5. exd6 Qxd6 6. Bg2 Nc6 7. Na3 Bf5 8. d4
cxd4 9. Nb5 Qc5 10. Bxd5 Qxb5 11. Qb3 Qxb3 12. axb3 e6 13. Bxc6+ bxc6 14. Ne2
Be4 15. O-O Bd3 16. Re1 Bxe2 17. Rxe2 Bc5 18. b4 Bb6 19. cxd4 O-O-O 20. Be3 Kb7
21. Rc1 Rd5 22. Rec2 Rc8 23. Rc4 Bd8 24. Kf1 Be7 25. Ke2 a6 26. h4 Kb6 27. R1c2
Kb7 28. Bf4 Rb5 29. Bd2 Rb6 30. Rc1 Rd8 31. Ke3 Rd5 32. Ra1 h6 33. Bc3 Rdb5 34.
Ra4 g5 35. hxg5 hxg5 36. Ra5 Rxa5 37. bxa5 Rb5 38. Ra4 Kc8 39. Ra1 Kd7 40. g4
Bd8 41. Kd3 Bc7 42. Kc4 Bd8 43. b4 Bf6 44. Rh1 Rd5 45. f3 Ke7 46. Rh5 Kf8 47.
Rh1 Kg7 48. Re1 Kf8 49. Re4 Ke7 50. Be1 Kd7 51. Bg3 Rb5 52. Be1 Bg7 53. Bd2 Bf8
54. Re5 Be7 55. Re4 Rb8 56. Re2 Rh8 57. f4 gxf4 58. Rf2 Rh1 59. Rxf4 Rh2 60.
Bc3 f6 61. Re4 Rg2 62. Be1 Bd6 63. Kd3 Rg1 64. Bd2 Rg2 65. Kc4 f5 66. gxf5 exf5
67. Rh4 Rg4 68. Rh7+ Be7 69. Kd3 Rg3+ 70. Ke2 Ke6 71. Rh8 Rb3 72. Ra8 Kd5 73.
Rxa6 Bd6 74. Ra7 f4 75. Rf7 Ke6 76. Rh7 f3+ 77. Kf1 Bg3 78. Rh6+ Kd5 79. Rh5+
Kxd4 80. Rc5 Rb1+ 81. Rc1 Rxc1+ 82. Bxc1 Kc4 83. Bd2 Kb5 84. Be1 Bd6 85. Kf2 c5
86. bxc5 Bxc5+ 87. Kxf3 Bb6 88. axb6 Kxb6 1/2-1/2

[Event "Sparkassen-Open A"]
[Site "Heusenstamm, Martinsee"]
[Date "2015.11.28"]
[Round "4.19"]
[White "Engel, Berthold"]
[Black "Rolf, Marco"]
[Result "1/2-1/2"]
[WhiteElo "2207"]
[BlackElo "2023"]
[PlyCount "51"]
[EventDate "2015.??.??"]
[WhiteTeam "BG Buchen"]
[BlackTeam "SK Bad Homburg"]

1. e4 e6 2. d3 d5 3. Nd2 Nf6 4. Ngf3 b6 5. exd5 exd5 6. g3 Bd6 7. Bg2 Qe7+ 8.
Qe2 Qxe2+ 9. Kxe2 O-O 10. Re1 Re8+ 11. Kf1 Rxe1+ 12. Kxe1 Bb7 13. Nb3 Nbd7 14.
Bg5 h6 15. Bxf6 Nxf6 16. Nfd4 Be5 17. c3 Re8 18. Kf1 a5 19. Nf3 Bd6 20. Re1
Rxe1+ 21. Kxe1 Ba6 22. Ke2 a4 23. Nbd4 a3 24. bxa3 Bxa3 25. Ne5 Ne4 26. Bxe4
1/2-1/2

[Event "Sparkassen-Open A"]
[Site "Heusenstamm, Martinsee"]
[Date "2015.11.28"]
[Round "4.20"]
[White "Henrich, Thomas"]
[Black "Junker, Christian"]
[Result "1-0"]
[WhiteElo "2192"]
[BlackElo "2016"]
[PlyCount "55"]
[EventDate "2015.??.??"]
[WhiteTeam "SK Marburg"]
[BlackTeam "SV Neu-Isenburg"]

1. e4 e5 2. Nf3 Nf6 3. Nxe5 d6 4. Nf3 Nxe4 5. Nc3 Nf6 6. d4 g6 7. Bg5 Bg7 8.
Qd2 h6 9. Be3 Ng4 10. Bf4 g5 11. Bg3 Nf6 12. O-O-O O-O 13. Bd3 Nh5 14. Kb1 f5
15. h4 g4 16. Ng5 c6 17. d5 Nxg3 18. fxg3 hxg5 19. dxc6 bxc6 20. Bc4+ d5 21.
Nxd5 Be6 22. Nc7 Qxc7 23. Bxe6+ Kh7 24. hxg5+ Kg6 25. Bc4 Re8 26. Qd6+ Qxd6 27.
Rxd6+ Kxg5 28. Bf7 1-0

[Event "Sparkassen-Open A"]
[Site "Heusenstamm, Martinsee"]
[Date "2015.11.28"]
[Round "4.21"]
[White "Hankel, Dennis"]
[Black "Von Auer, Ulrich"]
[Result "1/2-1/2"]
[WhiteElo "2180"]
[BlackElo "2014"]
[PlyCount "57"]
[EventDate "2015.??.??"]
[WhiteTeam "SF Neuberg"]
[BlackTeam "SF Frankfurt"]

1. e4 e6 2. d4 d5 3. Nc3 Bb4 4. e5 c5 5. a3 Bxc3+ 6. bxc3 Ne7 7. Qg4 O-O 8. Bd3
Nbc6 9. Qh5 Ng6 10. Nf3 Qc7 11. Be3 c4 12. Bxg6 fxg6 13. Qg4 Bd7 14. h4 Rf5 15.
h5 gxh5 16. Rxh5 Rxh5 17. Qxh5 Be8 18. Qh3 Nd8 19. Bg5 Bf7 20. Kd2 Qd7 21. Rh1
Bg6 22. Bxd8 Rxd8 23. Ng5 Re8 24. Nxh7 Qa4 25. Nf6+ Kf7 26. Nxe8 Qxc2+ 27. Ke1
Qc1+ 28. Ke2 Qc2+ 29. Ke1 1/2-1/2

[Event "Sparkassen-Open A"]
[Site "Heusenstamm, Martinsee"]
[Date "2015.11.28"]
[Round "4.22"]
[White "Küpper, Martin"]
[Black "Chandler, Patrick"]
[Result "1-0"]
[WhiteElo "2013"]
[BlackElo "2177"]
[PlyCount "57"]
[EventDate "2015.??.??"]
[WhiteTeam "SC Fulda"]
[BlackTeam "SC Gelnhausen"]

1. e4 c5 2. Nf3 Nf6 3. e5 Nd5 4. c3 d6 5. Bc4 e6 6. d4 Nb6 7. Bb5+ Bd7 8. Bxd7+
Qxd7 9. O-O Nc6 10. Bf4 O-O-O 11. Nbd2 cxd4 12. cxd4 d5 13. a4 Bb4 14. Nb3 Nc4
15. Nfd2 h6 16. Qc2 g5 17. Be3 Nxd2 18. Bxd2 Qe7 19. f4 Kb8 20. f5 Rc8 21. Qd3
Rc7 22. fxe6 fxe6 23. Rf6 b6 24. Bxb4 Nxb4 25. Qg6 Nc2 26. Rd1 Qb4 27. Rf3 Rhc8
28. Qxe6 Nxd4 29. Nxd4 1-0

[Event "Sparkassen-Open A"]
[Site "Heusenstamm, Martinsee"]
[Date "2015.11.28"]
[Round "4.23"]
[White "Hecht, Carsten"]
[Black "Dickmann, Thomas"]
[Result "1-0"]
[WhiteElo "2159"]
[BlackElo "2013"]
[PlyCount "125"]
[EventDate "2015.??.??"]
[WhiteTeam "LSV Turm Lippstadt"]
[BlackTeam "SV Wesel"]

1. e4 c5 2. Nf3 g6 3. d4 cxd4 4. Nxd4 Nc6 5. c4 Nf6 6. Nc3 d6 7. Be2 Nxd4 8.
Qxd4 Bg7 9. Bg5 O-O 10. Qd2 Be6 11. Rc1 Qa5 12. f3 Rfc8 13. b3 a6 14. Na4 Qxd2+
15. Kxd2 Nd7 16. g4 f6 17. Be3 f5 18. exf5 gxf5 19. h3 Rf8 20. f4 Rab8 21. Nc3
Nc5 22. Rhg1 Kf7 23. Bf3 a5 24. Rg2 Bf6 25. Nd5 Ne4+ 26. Kd3 Nc5+ 27. Ke2 Ne4
28. Nxf6 Nxf6 29. g5 Nd7 30. h4 Nc5 31. h5 Rg8 32. g6+ hxg6 33. hxg6+ Ke8 34.
Bd4 Ne4 35. Ke3 Nc5 36. Rh1 Nd7 37. Rh7 b5 38. cxb5 Rxb5 39. Re2 Kd8 40. Kf2
Nf8 41. Rg7 Rxg7 42. Bxg7 Nxg6 43. Rxe6 Nxf4 44. Rh6 Nd3+ 45. Ke3 Nc1 46. Rh2
e5 47. Rc2 Nxb3 48. axb3 Rxb3+ 49. Kf2 a4 50. Bc6 Ke7 51. Bxa4 Rb7 52. Bh6 Ke6
53. Bd2 f4 54. Bc6 Rb6 55. Bf3 Kf5 56. Rc8 Rb2 57. Ke1 Rb1+ 58. Ke2 Rb2 59. Rd8
Ke6 60. Kd3 Rb3+ 61. Bc3 Rb5 62. Bg4+ Ke7 63. Rd7+ 1-0

[Event "Sparkassen-Open A"]
[Site "Heusenstamm, Martinsee"]
[Date "2015.11.28"]
[Round "4.24"]
[White "Enneper, Eckhard"]
[Black "Harringer, Manfred"]
[Result "1-0"]
[WhiteElo "2155"]
[BlackElo "1995"]
[PlyCount "77"]
[EventDate "2015.??.??"]
[WhiteTeam "VSG Offenbach"]
[BlackTeam "Bergische SF"]

1. d4 Nf6 2. Bg5 d5 3. Bxf6 exf6 4. e3 c6 5. c4 Bb4+ 6. Nc3 O-O 7. cxd5 Qxd5 8.
a3 Bxc3+ 9. bxc3 Re8 10. c4 Qe4 11. Qd3 f5 12. Qxe4 fxe4 13. Ne2 b5 14. cxb5
cxb5 15. Nc3 a6 16. a4 bxa4 17. Nxa4 Nd7 18. Bc4 Bb7 19. Kd2 Kf8 20. Rhb1 Reb8
21. Nb6 Nxb6 22. Rxb6 Bc8 23. Rab1 Rxb6 24. Rxb6 Ke7 25. Bd5 Ra7 26. Bxe4 g6
27. Bb1 Rc7 28. Bd3 a5 29. d5 Ra7 30. Kc3 Bd7 31. Ra6 Rxa6 32. Bxa6 Kd6 33. Kd4
a4 34. e4 a3 35. Bc4 Bb5 36. Ba2 f6 37. f4 g5 38. fxg5 fxg5 39. g3 1-0

[Event "Sparkassen-Open A"]
[Site "Heusenstamm, Martinsee"]
[Date "2015.11.28"]
[Round "4.25"]
[White "Feldmann, Johannes"]
[Black "Kropp, Volker"]
[Result "1/2-1/2"]
[WhiteElo "2145"]
[BlackElo "2002"]
[PlyCount "68"]
[EventDate "2015.??.??"]
[WhiteTeam "SK Ludwigshafen"]
[BlackTeam "SV Mainz-Mombach"]

1. d4 Nf6 2. c4 c5 3. d5 b5 4. cxb5 a6 5. bxa6 g6 6. Nc3 Bxa6 7. e4 Bxf1 8.
Kxf1 d6 9. g3 Bg7 10. Kg2 O-O 11. Nge2 Nbd7 12. Qc2 Qa5 13. Rb1 Rfb8 14. b3 Qa6
15. Rd1 Ne8 16. h4 Nc7 17. h5 Nb5 18. Nxb5 Qxb5 19. hxg6 hxg6 20. Bg5 Qa6 21.
Rd2 Rb4 22. f3 c4 23. bxc4 Rxc4 24. Qd1 Ra4 25. Nc1 Nb6 26. Rb3 Nc4 27. Re2 Rc8
28. Rc2 Bf6 29. Bxf6 exf6 30. Rcc3 Kg7 31. Qe2 Ra8 32. Rc2 Ne5 33. Qxa6 R8xa6
34. Rc7 Rd4 1/2-1/2

[Event "Sparkassen-Open A"]
[Site "Heusenstamm, Martinsee"]
[Date "2015.11.28"]
[Round "4.26"]
[White "Kuhn, Gerhard"]
[Black "Ramien, David"]
[Result "1/2-1/2"]
[WhiteElo "1969"]
[BlackElo "2140"]
[PlyCount "62"]
[EventDate "2015.??.??"]
[WhiteTeam "SK Marburg"]
[BlackTeam "SG Porz"]

1. e4 c5 2. c3 g6 3. d4 cxd4 4. cxd4 d5 5. exd5 Nf6 6. Nc3 Nxd5 7. g3 Bg7 8.
Bg2 Nb6 9. Nge2 Nc6 10. Be3 O-O 11. O-O Bf5 12. Rc1 Qd7 13. Re1 Nb4 14. Nf4
Rfd8 15. Qb3 Nd3 16. Nxd3 Bxd3 17. Nd5 Nxd5 18. Qxd3 e6 19. Red1 Rac8 20. Qb3
b6 21. Bg5 Bf6 22. Bxf6 Nxf6 23. Rxc8 Rxc8 24. Bf3 Nd5 25. a3 Qc6 26. Be4 Qc4
27. Qxc4 Rxc4 28. Bxd5 exd5 29. Rd2 Kf8 30. Kf1 Ke7 31. Ke2 Kd6 1/2-1/2

[Event "Sparkassen-Open A"]
[Site "Heusenstamm, Martinsee"]
[Date "2015.11.28"]
[Round "4.27"]
[White "Spiegel, Stefan"]
[Black "Westphal, Norbert"]
[Result "1-0"]
[WhiteElo "2137"]
[BlackElo "1987"]
[PlyCount "85"]
[EventDate "2015.??.??"]
[WhiteTeam "SC Viernheim"]
[BlackTeam "BSV Chemie Radebeul"]

1. e4 Nf6 2. e5 Nd5 3. d4 d6 4. Nf3 dxe5 5. Nxe5 c6 6. Be2 Nd7 7. Nf3 N7f6 8.
O-O Bf5 9. a4 Qc7 10. Re1 h6 11. Na3 e6 12. Ne5 Nd7 13. Nxd7 Qxd7 14. Nc4 Qc7
15. Bf3 Be7 16. c3 O-O 17. a5 Rad8 18. Qe2 Nf4 19. Qe5 Qxe5 20. Nxe5 Nd3 21.
Nxd3 Bxd3 22. a6 Bxa6 23. Bxc6 Rd6 24. Bf3 Bg5 25. Bxg5 hxg5 26. Re5 Rb6 27. b4
Rc8 28. Rc5 Rd8 29. Rxg5 Kf8 30. h3 f6 31. Rc5 Ke7 32. Rc7+ Rd7 33. Rc5 g6 34.
Raa5 Rbd6 35. Rc8 Rb6 36. h4 Rd8 37. Rxd8 Kxd8 38. g4 Ke7 39. Kh2 Kd6 40. Kg3
e5 41. dxe5+ fxe5 42. Be4 Ke7 43. Rxe5+ 1-0

[Event "Sparkassen-Open A"]
[Site "Heusenstamm, Martinsee"]
[Date "2015.11.28"]
[Round "4.28"]
[White "Zimmer, Gerald"]
[Black "Benninger, Rudolf"]
[Result "1/2-1/2"]
[WhiteElo "1923"]
[BlackElo "2119"]
[PlyCount "128"]
[EventDate "2015.??.??"]
[WhiteTeam "SC Bergen-Enkheim"]
[BlackTeam "SC Heusenstamm"]

1. d4 g6 2. c4 Bg7 3. Nc3 c5 4. d5 Bxc3+ 5. bxc3 f5 6. g3 d6 7. Bg2 Nd7 8. e4
fxe4 9. Bxe4 Ngf6 10. Bc2 Qa5 11. Bd2 Nb6 12. Qe2 Bd7 13. Nf3 Bg4 14. Bd3 O-O-O
15. Qe3 Bxf3 16. Qxf3 Nfd7 17. Qg4 Qa4 18. O-O Nxd5 19. Qe6 N5b6 20. Rab1 Kb8
21. Bf4 Rhe8 22. Rfd1 Nf8 23. Qf7 e5 24. Be4 Qd7 25. Qxd7 Rxd7 26. Be3 Ne6 27.
Bc2 Nd8 28. a4 Nc6 29. Rb5 Red8 30. Bg5 Rc8 31. a5 Nxc4 32. Rxc5 N6xa5 33.
Rxc8+ Kxc8 34. Be4 Rc7 35. Bd5 Kd7 36. Kf1 Ke8 37. h4 Nb6 38. Be4 Nac4 39. Ra1
a5 40. h5 gxh5 41. Bf3 d5 42. Bxh5+ Kd7 43. Ke2 a4 44. Kd3 a3 45. Bc1 Nb2+ 46.
Kd2 N6c4+ 47. Ke2 b5 48. Bg4+ Kd6 49. Bh5 Rb7 50. Bh6 Rb8 51. f4 Rg8 52. fxe5+
Kxe5 53. Bf4+ Ke6 54. Bf3 Na4 55. Kd3 Nc5+ 56. Kc2 Ne4 57. Re1 Kf5 58. Rd1 Rd8
59. Kb3 Rd7 60. Bg2 Rd8 61. Bf3 Nf6 62. Rd4 Ra8 63. Ka2 Nb6 64. Bd6 Nc4 1/2-1/2

[Event "Sparkassen-Open A"]
[Site "Heusenstamm, Martinsee"]
[Date "2015.11.28"]
[Round "4.29"]
[White "Hilzinger, Markus"]
[Black "Köllner, Ruben Gideon"]
[Result "1-0"]
[WhiteElo "2100"]
[BlackElo "1985"]
[PlyCount "90"]
[EventDate "2015.??.??"]
[WhiteTeam "SC Pforzheim"]
[BlackTeam "SV Bergneustadt/Derschlag"]

1. c4 e5 2. Nc3 Nc6 3. Nf3 Bc5 4. g3 a6 5. Bg2 d6 6. O-O Nge7 7. e3 Ba7 8. b3
Bf5 9. d4 exd4 10. Nxd4 Bxd4 11. exd4 O-O 12. Bb2 Qc8 13. Re1 Re8 14. Qd2 Bh3
15. Bh1 Qf5 16. Re4 Ng6 17. Rae1 Rxe4 18. Rxe4 h5 19. Nd5 Rc8 20. Qe2 Qg5 21.
f4 Qf5 22. b4 Bg4 23. Qe1 Kh7 24. Ne3 Qd7 25. d5 Nce7 26. Nxg4 hxg4 27. Bg2 Rh8
28. Bf1 Re8 29. Bd3 Kg8 30. Qc3 f6 31. Re6 Nf8 32. Rxf6 Nc8 33. Rf5 Qe7 34. Qd2
Qe1+ 35. Qxe1 Rxe1+ 36. Kf2 Rh1 37. Rh5 Ne7 38. Be4 Rd1 39. Ke2 Rg1 40. Rg5 g6
41. Rxg4 Kf7 42. Rh4 Nf5 43. Rh8 Ng7 44. a4 Ne8 45. c5 Nd7 1-0

[Event "Sparkassen-Open A"]
[Site "Heusenstamm, Martinsee"]
[Date "2015.11.28"]
[Round "4.30"]
[White "Busch, Lorenz"]
[Black "Büse, Ralf"]
[Result "1-0"]
[WhiteElo "2095"]
[BlackElo "1962"]
[PlyCount "43"]
[EventDate "2015.??.??"]
[WhiteTeam "SC Herxheim"]
[BlackTeam "SC Groß-Zimmern"]

1. e4 e6 2. Nc3 d5 3. Nf3 d4 4. Ne2 c5 5. Ng3 g6 6. Bc4 Bg7 7. d3 Ne7 8. a4
Nbc6 9. Bd2 Bd7 10. a5 Qc7 11. Qc1 h6 12. O-O O-O-O 13. c3 Kb8 14. Ne2 e5 15.
cxd4 cxd4 16. b4 Rc8 17. b5 Nd8 18. Nexd4 Qd6 19. Nc2 Bg4 20. Bb4 Qd7 21. Qa3
Bxf3 22. Bxe7 1-0

[Event "Sparkassen-Open A"]
[Site "Heusenstamm, Martinsee"]
[Date "2015.11.28"]
[Round "4.31"]
[White "Thomele, Michael"]
[Black "Pfeffer, Marko"]
[Result "0-1"]
[WhiteElo "1919"]
[BlackElo "2091"]
[PlyCount "92"]
[EventDate "2015.??.??"]
[WhiteTeam "SC Obernau"]
[BlackTeam "SC Bergen-Enkheim"]

1. e4 e6 2. d4 d5 3. exd5 exd5 4. c4 Nf6 5. Nf3 Nc6 6. Bd3 Bb4+ 7. Nc3 Qe7+ 8.
Be3 Ng4 9. O-O Nxe3 10. fxe3 Bxc3 11. bxc3 dxc4 12. Bxc4 O-O 13. Qd2 Bg4 14.
Rae1 Rae8 15. Bd3 h6 16. Bc2 Bh5 17. Qd3 Bg6 18. Qd2 f5 19. Bb3+ Kh8 20. Qf2
Rf6 21. Qg3 Ref8 22. Bd5 Nd8 23. Ne5 Bh7 24. Bb3 a5 25. Rf2 b5 26. Qh3 c5 27.
Bc2 Kg8 28. Ref1 Nf7 29. Nxf7 Qxf7 30. dxc5 Kh8 31. a4 bxa4 32. Bxa4 Qc4 33.
Bd7 Qxc5 34. Rf4 g5 35. Rd4 Qxc3 36. Rfd1 f4 37. exf4 Qc5 38. Kh1 Bc2 39. R1d2
Rb6 40. g3 Be4+ 41. Kg1 Rb1+ 42. Kf2 Rb6 43. Ke3 Bb7 44. f5 Rd8 45. Be6 Qc3+
46. R2d3 Qe1# 0-1